<?xml version="1.0" encoding="UTF-8"?>
<collection xmlns="http://www.loc.gov/MARC21/slim">
 <record>
  <leader>02106nam a2200229 a 4500</leader>
  <controlfield tag="001">1/52310</controlfield>
  <controlfield tag="008">210605s2006    gr            000 | gre d</controlfield>
  <datafield tag="040" ind1=" " ind2=" ">
   <subfield code="a">GR-PeUP</subfield>
  </datafield>
  <datafield tag="082" ind1="0" ind2="0">
   <subfield code="a">025.04 ΑΠΟ</subfield>
  </datafield>
  <datafield tag="245" ind1="0" ind2="3">
   <subfield code="a">Το απόλυτο εγχειρίδιο του Google.</subfield>
  </datafield>
  <datafield tag="260" ind1=" " ind2=" ">
   <subfield code="a">Αθήνα :</subfield>
   <subfield code="b">Δημοσιογραφικός Οργανισμός Λαμπράκη, </subfield>
   <subfield code="c">2006.</subfield>
  </datafield>
  <datafield tag="300" ind1=" " ind2=" ">
   <subfield code="a">225 σ. :</subfield>
   <subfield code="b">εικ. ; </subfield>
   <subfield code="c">25 εκ.</subfield>
  </datafield>
  <datafield tag="490" ind1="1" ind2=" ">
   <subfield code="a">Ram ;</subfield>
  </datafield>
  <datafield tag="500" ind1=" " ind2=" ">
   <subfield code="a">Διανέμεται με το Ram Ιουλίου 2006.</subfield>
  </datafield>
  <datafield tag="500" ind1=" " ind2=" ">
   <subfield code="a">Από το εξώφυλλο: Το απόλυτο εγχειρίδιο Google: μηχανή αναζήτησης ή ιντερνετικό αντι-Word και αντι-Excel; Παγκόσμια χαρτογράδηση ή ιντερνετικό ταξιδιωτικό γραφείο; Γιγάντιο δωρεάν e-mail ή οδηγός ιντερνετικών αγορών; Όλα αυτά και χιλιάδες άλλα είναι το google του 2006 που ρίχνει το γάντι σε όλους και για όλα! Απλή και προχωρημένη ανζήτηση, Υπηρεσίες και κόλπα για να βρίσκετε ότι θέλετε - E-mail από τη Google - Ζωντανέψτε την επιφάνεια εργασίας με το Google Desktop - Ταξιδέψτε οπουδήποτε στη Γη, στη Σελήνη και στον Άρη - Οργανώστε τα ταξίδια σας - Βρείτε ξενοδοχεία και εστιατόρια πριν ακόμη φύγετε - Δουλέψτε με το πακέτο δωρεάν λογισμικού του Google - Χακεριές με το Google.</subfield>
  </datafield>
  <datafield tag="650" ind1=" " ind2="0">
   <subfield code="a">Google</subfield>
   <subfield code="x">Handbooks, manuals, etc.</subfield>
  </datafield>
  <datafield tag="650" ind1=" " ind2="0">
   <subfield code="a">Web search engines,</subfield>
   <subfield code="x">Handbooks, manuals, etc.</subfield>
  </datafield>
  <datafield tag="650" ind1=" " ind2="0">
   <subfield code="a">Internet searching.</subfield>
  </datafield>
  <datafield tag="650" ind1=" " ind2="4">
   <subfield code="a">Μηχανές αναζήτησης στον Παγκόσμιο Ιστό.</subfield>
  </datafield>
  <datafield tag="650" ind1=" " ind2="4">
   <subfield code="a">Έρευνα στο Διαδίκτυο (Internet).</subfield>
  </datafield>
  <datafield tag="852" ind1=" " ind2=" ">
   <subfield code="a">INST</subfield>
   <subfield code="b">UNIPILB</subfield>
   <subfield code="c">MAIN</subfield>
   <subfield code="e">20210605</subfield>
   <subfield code="h">025.04 ΑΠΟ</subfield>
   <subfield code="p">00169167</subfield>
   <subfield code="q">00169167</subfield>
   <subfield code="t">LOAN</subfield>
   <subfield code="y">0</subfield>
   <subfield code="4">1</subfield>
  </datafield>
  <datafield tag="960" ind1=" " ind2=" ">
   <subfield code="a">ΑΛΜΠΑΝΗ ΤΑΝΙΑ</subfield>
  </datafield>
 </record>
</collection>
